Estaciones de Megabús (Pereira, Colombia) - Estadísticas

Estadísticas generales
  • Esta prueba ha sido intentada 32 veces
    20 desde el último reinicio
  • La puntuación promedio es 13 de 41
Estadísticas de respuestas
Estación % Correcto
Megacable Universidad
78%
Troncales 1 - 2 - 3 Batallón
67%
Megacable Terminal
67%
Troncales 1 - 2 - 3 Aeropuerto
56%
Troncales 2 - 3 El Lago
56%
Troncales 1 - 3 El Viajero
56%
Troncales 1 - 2 - 3 Maraya
56%
Troncal 1 - Megacable Parque Olaya
56%
Troncales 2 - 3 Victoria
56%
Troncales 2 - 3 Central
44%
Megacable Las Brisas
44%
Troncales 1 - 2 - 3 San Fernando
44%
Troncales 1 - 2 Cam
33%
Troncal 1 Centenario
33%
Troncales 2 - 3 Del Café
33%
Troncales 2 - 3 Egoyá
33%
Troncal 1 Francisco Pereira
33%
Troncal 3 Libertad
33%
Troncales 2 - 3 Otún
33%
Troncales 1 - 2 Santa Mónica
33%
Troncal 1 Ucumarí
33%
Troncales 2 - 3 Viaducto
33%
Troncales 2 - 3 Banderas
22%
Troncales 2 - 3 Coliseo
22%
Troncales 1 - 2 La Popa
22%
Troncales 2 - 3 La Ruana
22%
Troncales 2 - 3 Las Flores
22%
Troncales 1 - 2 Milán
22%
Troncales 2 - 3 Palacio de Justicia
22%
Troncales 2 - 3 Turín
22%
Troncales 1 - 2 Villavicencio
22%
Troncales 2 - 3 Cañarte
11%
Troncales 2 - 3 Claret
11%
Troncal 1 Condina
11%
Troncal 1 Ferrocarril
11%
Troncales 1 - 2 Fundadores
11%
Troncal 1 Consota
0%
Troncal 1 El Cafetero
0%
Troncal 1 El Jardín
0%
Troncales 2 - 3 Mercasa
0%
Troncales 2 - 3 Omaza
0%
No se encontraron pruebas coincidentes
Distribución de puntuación
Porcentaje de gente con cada puntuación
Porcentaje por número respondido
Historial de tus puntuaciones
No has intentado esta prueba desde el último reinicio